Panáček z popela /
Detektivní příběh ze současnosti, ve kterém hlavní hrdinka pátrá po příčině smrti starší ženy, ke které měla velmi blízký vztah.
Uloženo v:
| Hlavní autor: | |
|---|---|
| Médium: | E-kniha |
| Jazyk: | Czech |
| Vydáno: |
V Praze :
Motto,
2025
|
| Vydání: | 1. vydání |
| Témata: | |
| Tagy: |
Žádné tagy |
| LEADER | 02220nam a2200397 i 4500 | ||
|---|---|---|---|
| 001 | 312801 | ||
| 003 | CZ PrSKC | ||
| 005 | 20260601215729.0 | ||
| 007 | ta | ||
| 008 | 250922s2025 xr g 000 f cze | ||
| 015 | |a cnb003709927 | ||
| 020 | |a 9788026729181 |q (vázáno) : |c Kč 399,00 | ||
| 035 | |a (OCoLC)1559933193 | ||
| 040 | |a ABG001 |b cze |e rda | ||
| 072 | 7 | |a 821.162.3-3 |x Česká próza |2 Konspekt | |
| 080 | |a 821.162.3-31 |2 MRF | ||
| 080 | |a (0:82-312.4) |2 MRF | ||
| 100 | 1 | |a Hamerová, Zdenka, |d 1971- |7 mzk2005269861 |4 aut | |
| 245 | 1 | 0 | |a Panáček z popela / |c Zdenka Hamerová |
| 250 | |a 1. vydání | ||
| 264 | 1 | |a V Praze : |b Motto, |c 2025 | |
| 300 | |a 265 stran ; |c 22 cm | ||
| 336 | |a text |b txt |2 rdacontent | ||
| 337 | |a bez média |b n |2 rdamedia | ||
| 338 | |a svazek |b nc |2 rdacarrier | ||
| 520 | 2 | |a Detektivní příběh ze současnosti, ve kterém hlavní hrdinka pátrá po příčině smrti starší ženy, ke které měla velmi blízký vztah. |b Zora je rozvedená matka hyperaktivního chlapce, se kterým to nemá snadné. Pomáhá jí mimo jiné i „babička“ Sedláčková, která ji hlídala, když byla malá, a zůstaly si blízké až do Zořiny dospělosti. Místo obvyklé návštěvy přijde jednou šok - Zora najde Emu Sedláčkovou mrtvou na poli za jejím domem. Policie jako příčinu úmrtí označí infarkt, jenže tady něco nesedí. Zora začíná pátrat v minulosti ženy, které bezmezně věřila, a odhaluje znepokojivé skutečnosti. Nakladatelská anotace. Kráceno. | |
| 655 | 7 | |a české romány |7 fd133974 |2 czenas | |
| 655 | 7 | |a detektivní romány |7 fd132010 |2 czenas | |
| 655 | 9 | |a Czech fiction |2 eczenas | |
| 655 | 9 | |a detective novels |2 eczenas | |
| 900 | |a ABA001 |b 19 | ||
| 928 | 9 | |a Albatros Media - Motto | |
| 044 | |a xr | ||
| 910 | |a RBIT002 | ||
| 998 | |d 422174 |a https://core.palmknihy.cz/api/books/422174/cover?t1zyok |b https://core.palmknihy.cz/api/books/422174/cover/400?t1zyok |c https://core.palmknihy.cz/api/books/422174/cover/50?t1zyok |e 2035-12-31 |g 272 |i 9788026729181 |j https://core.palmknihy.cz/api/books/422174/preview.epub |k https://core.palmknihy.cz/api/books/422174/preview.pdf |l |q 49 |r 1 |s https://www.palmknihy.cz/kniha/422174 |t ebook |y 2025 |z 0 | ||
| 999 | |d 312799 | ||